| 000 | 00479 a2200157 4500 | ||
|---|---|---|---|
| 020 | _a9781338058864 (pbk.) | ||
| 041 | _aspa | ||
| 100 | _aGodin, Thelma Lynne | ||
| 245 | _aComo vestir a un dragon / Thelma Lynne Godin ; dibujos de Eric Barclay. | ||
| 260 | _aNew York : Scholastic, c2017. | ||
| 300 |
_a1 volume (unpaged) ; illus. ; _c28 cm |
||
| 500 | _aEnglish title: How to dress a dragon Scholastic en espanol | ||
| 700 | _aBarclay, Eric. | ||
| 942 | _cBK | ||
| 952 | _71 | ||
| 999 |
_c20940 _d20940 |
||